000 02233nam0a2200409 4500
001 RU\NLR\bibl\1445501
005 20250615225856.0
010 _a978-5-8291-1103-8
_bАкадемический Проект
010 _a978-5-902357-86-5
_bФонд "Мир"
_91500
021 _aRU
_b2009-81364
_95107
035 _a(NLR Aleph) 001437337
090 _a1440812
_c1440812
100 _a20091201d2009 |||y0rusy50 ca
101 0 _arus
102 _aRU
105 _ay |||||||||
200 1 _aФинансы, денежное обращение, кредит
_eучебник для студентов, обучающихся по специальности "Налоги и налогообложение"
_fС.С. Артемьева, В.В. Митрохин, В. И. Чугунов
_gМорд. гос. ун-т
205 _a[2-е изд.]
210 _aМосква
_cАкадемический Проект
_cФонд "Мир"
_d2009
215 _a467, [2] с.
_d21
225 1 _aУчебник для вузов
225 1 _aGaudeamus
300 _aНа 4-й с. обл. авт.: Артемьева С.С., д.э.н., проф., Митрохин В.В., к.э.н., доц., Чугунов В.И., к.э.н., доц.
606 1 _aФинансы
_jУчебники для высших учебных заведений
_yРоссийская Федерация
_92073627
_3RU\NLR\auth\661248550
606 1 _aДенежное обращение
_jУчебники для высших учебных заведений
_yРоссийская Федерация
_92077429
_3RU\NLR\auth\661253052
606 1 _aКредит
_jУчебники для высших учебных заведений
_yРоссийская Федерация
_92097873
_3RU\NLR\auth\661269143
686 _aУ26(2)я73
686 _aУ26(2)26я73
686 _aУ26(2)22я73
700 1 _aАртемьева
_bС. С.
_gСветлана Степановна
_4070
701 1 _aМитрохин
_bВ. В.
_gВладимир Владимирович
_4070
701 1 _aЧугунов
_bВ. И.
_gВиктор Иванович
_4070
801 0 _aRU
_bNLR
_c20091201
_gRCR
801 1 _aRU
_bNLR
_c20091201
942 _cBOOK
980 _aNB